UBT Library

The world theatre of Wagner : (Record no. 1395)

000 -LEADER
fixed length control field 00625nam a22001937a 4500
008 - FIXED-LENGTH DATA ELEMENTS--GENERAL INFORMATION
fixed length control field 151201b xxu||||| |||| 00| 0 eng d
020 ## - INTERNATIONAL STANDARD BOOK NUMBER
International Standard Book Number 0025940503
041 0# - LANGUAGE CODE
Language code of text/sound track or separate title eng
080 ## - UNIVERSAL DECIMAL CLASSIFICATION NUMBER
Universal Decimal Classification number 792.05
100 1# - Rafti
Rafti Osborne, Charles,
100 1# - Rafti
-- 1927-
245 14 - TITLE STATEMENT
Title The world theatre of Wagner :
Statement of responsibility, etc Charles Osborne ; preface by Sir Colin Davis.
250 ## -
-- 1st American ed.
260 ## -
-- New York :
-- Macmillan,
-- 1982.
300 ## -
-- 224 f. :
-- me il.;
-- 32 cm.
600 ## -
-- Wagner, Richard,
-- 1813-1883.
-- Operas.
650 #0 -
-- Opera
700 ## -
-- Davis, Colin,
-- 1927-2013.
942 ## - ADDED ENTRY ELEMENTS (KOHA)
Source of classification or shelving scheme
Item type Books
Holdings
Withdrawn status Lost status Source of classification or shelving scheme Damaged status Not for loan Collection code Permanent location Current location Shelving location Date acquired Total Checkouts Full call number Barcode Date last seen Koha item type
          Koleksioni i përgjithshem UBT - Lipjan UBT - Lipjan Koleksioni i përgjithshem 12/01/2015   792.05 OSB 002-008749 12/01/2015 Books
UBT Library © 2015-2024. All rights reserved University Education for Business and Technology